000 00351nam a2200121 i 4500
001 bg
245 0 _aXXX Jubileuszowa Konferencja Naukowa Komitetu Inżynierii Lądowej i Wodnej PAN i Komitetu Nauki PZITB.
_nT.1.
_nCz.1 i 2.
260 _aPoznań,
_c1984.
040 _cBPK
041 _apol
942 _cKS
008 s pl f |000 0 pol
999 _c23928
_d23928
856 _uhttp://koha.tu.koszalin.pl/cgi-bin/koha/opac-detail.pl?biblionumber=23928
_yKatalog online BPK